Central Library OPAC University of Rajshahi

Soviet philosophy : (Record no. 31931)

MARC details
000 -LEADER
fixed length control field 00963nam a22002652a 4500
001 - CONTROL NUMBER
control field 31931
003 - CONTROL NUMBER IDENTIFIER
rucl marc code BD-RjUL
005 - DATE AND TIME OF LATEST TRANSACTION
control field 20211209051752.0
008 - FIXED-LENGTH DATA ELEMENTS--GENERAL INFORMATION
fixed length control field 140423t1964 ne b 001 0 eng d
035 ## - SYSTEM CONTROL NUMBER
System control number (BD-RjUL)32020
040 ## - CATALOGING SOURCE
Original cataloging agency HEI
Modifying agency OCL
-- TOL
-- EQO
-- BD-RjUL
Language of cataloging eng
Transcribing agency BD-RjUL
041 ## - LANGUAGE CODE
Language code of text/sound track or separate title eng
082 04 - DEWEY DECIMAL CLASSIFICATION NUMBER
Classification number 197
Author mark and year BLS 1964
090 ## - LOCALLY ASSIGNED LC-TYPE CALL NUMBER (OCLC); LOCAL CALL NUMBER (OCLC)
Classification number (OCLC) (R) ; Classification number, CALL (RLIN) (NR) B4231
Local cutter number (OCLC) ; Book number/undivided call number, CALL (RLIN) .B55
100 1# - MAIN ENTRY--PERSONAL NAME
Personal name Blakeley, Thomas J.
9 (RLIN) 3771
245 10 - TITLE STATEMENT
Title Soviet philosophy :
Remainder of title a general introduction to contemporary Soviet thought /
260 ## - PUBLICATION, DISTRIBUTION, ETC. (IMPRINT)
Place of publication, distribution, etc. Dordrecht-Holland :
Name of publisher, distributor, etc. D. Reidel,
Date of publication, distribution, etc. c1964.
300 ## - PHYSICAL DESCRIPTION
Pagination vi, 82 p. ;
Size 23 cm
490 1# - SERIES STATEMENT
Series statement Sovietica; publications of the Institute of East-European Studies, University of Fribourg/Switzerland
504 ## - BIBLIOGRAPHY, ETC. NOTE
Bibliography, etc Includes bibliographical references and index.
650 #0 - SUBJECT ADDED ENTRY--TOPICAL TERM
Topical term or geographic name as entry element Philosophy, Russian
9 (RLIN) 11437
651 #0 - SUBJECT ADDED ENTRY--GEOGRAPHIC NAME
Geographic name Soviet Union
General subdivision Intellectual life
Chronological subdivision 1917-1970.
9 (RLIN) 97222
830 #0 - SERIES ADDED ENTRY--UNIFORM TITLE
Uniform title Sovietica (Université de Fribourg. Ost-Europa Institut)
942 ## - ADDED ENTRY ELEMENTS (KOHA)
Source of classification or shelving scheme Dewey Decimal Classification
Koha item type Books
Holdings
Lost status Source of classification or shelving scheme Damaged status Not for loan Collection code Permanent Location Current Location Shelving location Date acquired Source of acquisition Cost, normal purchase price Total Checkouts Full call number Date last seen Copy number Koha item type
  Dewey Decimal Classification   Not For Loan Non-fiction Central Library, University of Rajshahi Central Library, University of Rajshahi Reading Room 07/02/1970 zeithinger 40.00   197 BLS 1964 23/04/2014 C-1 Books
  Dewey Decimal Classification     Non-fiction Central Library, University of Rajshahi Central Library, University of Rajshahi   07/02/1970 zeithinger 40.00   197 BLS 1964 23/04/2014 C-2 Books